| 000 | 01164nam a2200253 a 4500 | ||
|---|---|---|---|
| 001 | BRCA_5983 | ||
| 005 | 20190320205304.0 | ||
| 008 | 290311s2010----mx-a######---#000-0#spa-# | ||
| 020 | _a9786077764519 | ||
| 041 | _aspa | ||
| 044 | _amx | ||
| 050 | 4 |
_aF1231.5 _b.V54 2010 |
|
| 245 | 1 | 0 |
_aVientos de rebelión en Michoacán _bcontinuidad y ruptura en la Revolución Mexicana _cVerónica Oikión Solano, Martín Sánchez Rodríguez, coordinadores. |
| 260 |
_aMéxico _bEl Colegio de Michoacán : Gobierno del Estado de Michoacán, Secretaría de Cultura _c2010 |
||
| 300 |
_a315 p. _bil. (algunas a color) _c29 cm. _e1 CD con ISBN 9786077764533 (2do. ejemplar en el Área de Investigación) |
||
| 500 | _aIncluye índice de ilustraciones, índice onomástico e índice toponímico | ||
| 500 | _a2do. ejemplar en el Área de Investigación | ||
| 504 | _aBibliografía: p. 273-281 | ||
| 651 | 4 |
_aMichoacán _xHistoria _yRevolución, 1910-1917 - Celebración del centenario _915112 |
|
| 651 | 4 |
_aMichoacán _xHistoria _ySiglo XX _915113 |
|
| 700 | 1 |
_aOikión Solano, Verónica _ecoord. _915114 |
|
| 700 | 1 |
_aSánchez Rodríguez, Martín _ecoord. _915115 |
|
| 942 |
_2lcc _cB |
||
| 999 |
_c5672 _d5672 |
||